[Event "FRA-chT "]
[Site "FRA"]
[Date "1994.??.??"]
[Round "5"]
[White "Seret, Jean Luc"]
[Black "Luc Ruiz, R."]
[Result "1-0"]
[WhiteElo "2245"]
[BlackElo "2220"]

1.e4 c5 2.Nf3 Nc6 3.Bb5 e6 4.O-O Nge7 5.Re1 a6 6.Bf1 d5 7.exd5 Nxd5 8.d4 Nf6
9.Be3 cxd4 10.Nxd4 Nxd4 11.Bxd4 Be7 12.c4 O-O 13.Nc3 Bd7 14.Qb3 Bc6 15.Bb6 Qb8
16.h3 Qf4 17.Ne2 Qh4 18.Nd4 Be4 19.Re3 Bd6 20.Rae1 Bc6 21.Nxc6 bxc6 22.g3 Qg5
23.c5 Bf4 24.Rf3 Be5 25.Qa4 Bxb2 26.Rb3  1-0

[Event "FRA-chT "]
[Site "FRA"]
[Date "1994.??.??"]
[Round "5"]
[White "Levacic, Patrick"]
[Black "Ruiz, Richard"]
[Result "1/2-1/2"]
[WhiteElo "2290"]
[BlackElo "2220"]

1.e4 c5 2.Nf3 Nc6 3.Bb5 e6 4.O-O Nge7 5.c3 a6 6.Ba4 b5 7.Bc2 d5 8.a4 b4 9.exd5 Nxd5
10.d4 cxd4 11.cxd4 Be7 12.Nbd2 Nf6 13.Nb3 Bb7 14.Qe2 O-O 15.Bg5 Na5 16.Nbd2  1/2-1/2

[Event "FRA-chT "]
[Site "FRA"]
[Date "1994.??.??"]
[Round "6"]
[White "Lamorelle, Yves"]
[Black "Berthelot, Yannick"]
[Result "1-0"]
[WhiteElo "2260"]
[BlackElo "2270"]

1.e4 c5 2.Nf3 Nc6 3.Bb5 e6 4.O-O Nge7 5.Re1 a6 6.Bf1 d5 7.exd5 Nxd5 8.d4 Be7
9.c3 cxd4 10.cxd4 O-O 11.Nc3 b6 12.Bd2 Bb7 13.Rc1 Rc8 14.Bd3 Bf6 15.Qe2 Ndb4
16.Bb1 Nxd4 17.Nxd4 Bxd4 18.Ne4 Rxc1 19.Rxc1 Nd5 20.Rd1 e5 21.Qh5 g6 22.Qh6 f5
23.Ng5 Qe7 24.Bc2 Re8 25.Bb3 Qg7 26.Qh4 h6 27.Nf3 g5 28.Qh5 Rc8 29.h4 Kf8
30.hxg5 hxg5 31.Nxg5 Nf6 32.Ne6+ Ke7 33.Nxg7 Nxh5 34.Nxh5 Rg8 35.Ng3 Rg6
36.Nxf5+ Kf6 37.Nh4 Rg4 38.g3 Be4 39.Bc3 Bxc3 40.bxc3 Kg5 41.Kh2 Kh5 42.Re1  1-0

[Event "FRA-chT "]
[Site "FRA"]
[Date "1994.??.??"]
[Round "7"]
[White "Belkhodja, Slim"]
[Black "Berthelot, Yannick"]
[Result "1/2-1/2"]
[WhiteElo "2390"]
[BlackElo "2270"]

1.e4 c5 2.Nf3 Nc6 3.Bb5 e6 4.O-O Nge7 5.Re1 a6 6.Bxc6 Nxc6 7.d4 cxd4 8.Nxd4 d6
9.Nc3 Be7 10.Nxc6 bxc6 11.Qg4 g6 12.Bh6 e5 13.Qg3 g5 14.Rad1 Rg8 15.h4 g4
16.Bg5 Bxg5 17.hxg5 Rxg5 18.Qh4 Rg6 19.Qxh7 Qg5 20.Qh2 a5 21.Re3 Rh6 22.Qg3 Ba6
23.Rde1 Qf4 24.Ne2 Bxe2 25.R1xe2 Ke7 26.Rd2 Rah8 27.Kf1 Rh1+ 28.Ke2 Rb1 29.b3 Rhh1
30.Kd3 Ke6 31.a4 Rh2 32.Kc3 Qxg3 33.Rxg3 Rg1 34.Rxg4 Rhxg2 35.Rxg2 Rxg2 36.b4 axb4+
37.Kxb4 Rg1 38.Rd3 d5 39.f3 Kd6 40.Ra3 Rb1+ 41.Kc3 Rf1 42.Kd2 Rf2+ 43.Kd1 Kc7
44.a5 Kb7 45.Rb3+ Ka6 46.Rb6+ Kxa5 47.Rxc6 dxe4 48.Rc5+ Kb4 49.Rxe5 exf3  1/2-1/2

[Event "Frydek-Mistek op"]
[Site "Frydek-Mistek"]
[Date "1994.??.??"]
[Round "?"]
[White "Berezjuk, Sergej"]
[Black "Michenka, Jozef"]
[Result "0-1"]
[WhiteElo "2375"]
[BlackElo "2365"]

1.e4 c5 2.Nf3 Nc6 3.Bb5 g6 4.Bxc6 dxc6 5.h3 Bg7 6.d3 Nf6 7.Nc3 O-O 8.Be3 b6
9.Qd2 Ne8 10.Bh6 f6 11.O-O-O Nd6 12.Be3 Be6 13.Kb1 Qc8 14.Bf4 Qa6 15.Bxd6 exd6
16.d4 d5 17.exd5 cxd5 18.Rhe1 Bf7 19.Re7 f5 20.Ne5 Bf6 21.Rxf7 Rxf7 22.Nxf7 Kxf7
23.dxc5 Rd8 24.c6 Qc4 25.Nxd5 Qxc6 26.Qd3 b5 27.g4 fxg4 28.hxg4 Kg7 29.f4 h6
30.a3 Qe6 31.Qf3 Qc6 32.Rd3 Re8 33.Qd1 Rd8 34.Qd2 a6 35.g5 hxg5 36.fxg5 Be5
37.Qg2 Rf8 38.Rd1 Qc4 39.Qh3  0-1

[Event "Frydek-Mistek op"]
[Site "Frydek-Mistek"]
[Date "1994.??.??"]
[Round "?"]
[White "Berezjuk, Sergej"]
[Black "Horak, Michal"]
[Result "1-0"]
[WhiteElo "2375"]
[BlackElo "2325"]

1.e4 c5 2.Nf3 Nc6 3.Bb5 g6 4.Bxc6 dxc6 5.h3 Bg7 6.d3 Nf6 7.Nc3 O-O 8.Be3 b6
9.Qd2 Re8 10.O-O-O Rb8 11.Kb1 Nd7 12.Bh6 Bh8 13.h4 b5 14.Ne2 b4 15.Bf4 Rb6
16.h5 Ra6 17.hxg6 fxg6 18.e5 Qa5 19.Nc1 c4 20.dxc4 Nc5 21.Nd4 Rf8 22.Qe3 b3
23.cxb3 Ne6 24.Qh3 Ng5 25.Qh4 Rxf4 26.Qxf4 Qxe5 27.Qxe5 Bxe5 28.Rhe1 Bf6
29.f4 Nf7 30.c5 Ra5 31.b4 Ra4 32.Nxc6 Bf5+ 33.Ka1 Kf8 34.Nd3 Ra3 35.Nde5 Rg3
36.Nxf7 Kxf7 37.Ne5+ Ke8 38.c6 g5 39.c7 gxf4 40.Rd8+  1-0

[Event "Peer Gynt"]
[Site "Gausdal"]
[Date "1994.??.??"]
[Round "1"]
[White "Moen, Ole Christian"]
[Black "Beshukov, Sergei"]
[Result "0-1"]
[WhiteElo "2285"]
[BlackElo "2495"]

1.e4 c5 2.Nf3 Nc6 3.Bb5 e6 4.O-O Nge7 5.Re1 a6 6.Bf1 d5 7.exd5 Nxd5 8.c4 Nf6
9.b3 Bd6 10.Bb2 Qc7 11.Nc3 O-O 12.Ne2 Rd8 13.Ng3 Nd4 14.Nxd4 cxd4 15.Bd3 e5
16.Ne4 Nxe4 17.Bxe4 Be6 18.f4 exf4 19.Qf3 Bb4 20.Re2 d3 21.Bxd3 Qd7 22.Bc2 Bg4
23.Qe4 f5 24.Qe5 Bxe2 25.Qxe2 Bc5+ 26.Kf1 Re8 27.Qd1 Rad8 28.Bc3 Bd4 29.Qf3 Bxc3
30.dxc3 Qe6 31.Rd1 Rxd1+ 32.Qxd1 Kh8 33.Qd2 Qe3 34.Qxe3 Rxe3 35.Bxf5 b6 36.Kf2 Rxc3
37.Ke2 g6 38.Bd3 Rc1 39.Kd2 Ra1 40.a4 a5 41.Kc3 Kg7 42.Bc2 Kf6 43.b4 axb4+  0-1

[Event "Peer Gynt"]
[Site "Gausdal"]
[Date "1994.??.??"]
[Round "2"]
[White "Psakhis, Lev"]
[Black "Nielsen, Peter Heine"]
[Result "1-0"]
[WhiteElo "2605"]
[BlackElo "2485"]

1.e4 c5 2.Nf3 Nc6 3.Bb5 e6 4.Bxc6 bxc6 5.d3 Ne7 6.O-O Ng6 7.Ng5 e5 8.Qh5 Be7
9.Nc3 d6 10.Ne2 Qd7 11.h3 Bf6 12.Nxh7  1-0

[Event "Arnold Cup"]
[Site "Gausdal"]
[Date "1994.??.??"]
[Round "2"]
[White "Koskinen, Henri"]
[Black "Schmittdiel, Eckhard"]
[Result "0-1"]
[WhiteElo "2275"]
[BlackElo "2450"]

1.e4 c5 2.Nf3 Nc6 3.Bb5 g6 4.O-O Bg7 5.Re1 e5 6.Bxc6 dxc6 7.d3 Qe7 8.Nbd2 Be6
9.b3 f6 10.a4 Nh6 11.Nc4 O-O 12.a5 Qc7 13.Ra2 b5 14.Ne3 Nf7 15.Qd2 Rad8 16.Ba3 Qd6
17.Raa1 f5 18.Qe2 f4 19.Nf1 Bf6 20.d4 b4 21.dxc5 Qxc5 22.Bb2 Kg7 23.Rec1 g5
24.Ne1 g4 25.Nd3 Qb5 26.Ra4 f3 27.gxf3 Ng5 28.fxg4 Nh3+ 29.Kh1 Rxd3 30.cxd3 Bg5
31.f3 Bxc1 32.Bxc1 Bxb3 33.Ra1 Qxd3 34.Qxd3 Nf2+ 35.Kg2 Nxd3 36.Ng3 c5 37.Nf5+ Kf6
38.Be3 a6 39.Rb1 c4 40.h4 Bc2 41.Ra1 b3  0-1

[Event "Gausdal Int"]
[Site "Gausdal"]
[Date "1994.??.??"]
[Round "2"]
[White "Westerinen, Heikki MJ"]
[Black "Schmittdiel, Eckhard"]
[Result "0-1"]
[WhiteElo "2370"]
[BlackElo "2495"]

1.e4 c5 2.Nf3 Nc6 3.Bb5 g6 4.O-O Bg7 5.c3 Nf6 6.Re1 O-O 7.d4 Qb6 8.Bc4 cxd4
9.cxd4 Na5 10.Bd3 d5 11.exd5 Nxd5 12.Nc3 Be6 13.Bg5 Nc6 14.Be4 Rfd8 15.Bxd5 Bxd5
16.Bxe7 Nxe7 17.Rxe7 Be6 18.Na4 Qb4 19.Rc7 Bxd4 20.Qc2 Bf6 21.h3 Qf4 22.Rxb7 Bd5
23.Rb5 Rac8 24.Rc5 Rxc5 25.Nxc5 Bxf3 26.gxf3 Rc8 27.Rc1 Be7  0-1

[Event "Arnold Cup"]
[Site "Gausdal"]
[Date "1994.??.??"]
[Round "3"]
[White "Pyhala, Antti"]
[Black "Lanka, Zigurds"]
[Result "0-1"]
[WhiteElo "2350"]
[BlackElo "2535"]

1.e4 c5 2.Nf3 Nc6 3.Bb5 g6 4.O-O Bg7 5.Re1 e5 6.b4 cxb4 7.a3 b3 8.cxb3 Nge7
9.Bb2 Qb6 10.Nc3 O-O 11.a4 d6 12.Nd5 Nxd5 13.exd5 Nb4 14.Bc4 Bg4 15.a5 Qd8
16.Ra4 Na6 17.Bxa6 Bxf3 18.Qxf3 bxa6 19.Qe2 Qc8 20.Qc4 Rb8 21.Ba3 Rd8 22.Rb4 Rxb4
23.Bxb4 Qb7 24.Rc1 Bf6 25.g3 h5 26.h4 Kg7 27.d3 Qd7 28.Kg2 g5 29.hxg5 Bxg5
30.Rc2 h4 31.g4 h3+ 32.Kxh3 Bf4 33.f3 Qe8 34.Kg2 Qh8 35.Be1 Qh2+ 36.Kf1 Qh1+
37.Ke2 Rh8 38.Bf2 Rh2 39.Qc3 Bg3 40.Ke3 Bf4+ 41.Ke2 Bg3 42.Ke3 Rxf2 43.Rxf2 Qg1
44.Qc2 Qe1+ 45.Re2 Qg1+ 46.Rf2 Kh6 47.f4 exf4+ 48.Kf3 Kg5 49.Re2 Qh1+ 50.Rg2 Qh3
51.Ke4 Qxg4 52.Qc1 Kg6  0-1

[Event "Gausdal Int"]
[Site "Gausdal"]
[Date "1994.??.??"]
[Round "5"]
[White "Kristensen, Bjarke"]
[Black "Ragaa, Hassan"]
[Result "1-0"]
[WhiteElo "2440"]
[BlackElo "2240"]

1.e4 c5 2.Nf3 Nc6 3.Bb5 e6 4.O-O Nge7 5.c4 a6 6.Ba4 d5 7.exd5 exd5 8.d4 dxc4
9.dxc5 Bg4 10.Nc3 Qxd1 11.Rxd1 Bxf3 12.gxf3 Rd8 13.Be3 Nf5 14.Bxc6+ bxc6
15.Rxd8+ Kxd8 16.Na4 c3 17.b3 Be7 18.Rc1 Nxe3 19.fxe3 Re8 20.Rxc3 f5 21.Kf2 Kc7
22.Rd3 Rb8 23.Nb6 Bxc5 24.Nd7 Rb5 25.a4 Ra5 26.Nxc5 Rxc5 27.h4 a5 28.Kg3 g6
29.Kf4 h6 30.Rd2 Rc3 31.Rg2 Rxb3 32.Rxg6 Rb4+ 33.Kxf5 Rxh4 34.Rg7+ Kd6 35.e4 Rh5+
36.Kf6 Rh4 37.e5+ Kd5 38.Rd7+ Kc4 39.Kf5 Rh5+ 40.Ke4 Rh1 41.e6 h5 42.e7 Re1+
43.Kf5 h4 44.Kf6 h3 45.Rd8  1-0

[Event "Peer Gynt"]
[Site "Gausdal"]
[Date "1994.??.??"]
[Round "7"]
[White "Bronstein, David I"]
[Black "Henriksen, Morten"]
[Result "1/2-1/2"]
[WhiteElo "2440"]
[BlackElo "2165"]

1.e4 c5 2.Nf3 Nc6 3.Bb5 g6 4.c3 Bg7 5.d4 cxd4 6.cxd4 e6 7.Nc3 Nge7 8.d5 Na5
9.Bf4 O-O 10.d6 Nec6 11.Rc1 a6 12.Be2 b5 13.b3 Bb7 14.Qd2 f6 15.O-O Ne5 16.Ne1 Rc8
17.Nd3 Nxd3 18.Bxd3 Nc6 19.Rfd1 Qa5 20.Bb1 Ne5 21.Nd5 Qxd2 22.Ne7+ Kf7 23.Bxd2 Rxc1
24.Rxc1 Nc6 25.Nxc6 Bxc6 26.f4 Bh6 27.Rd1 Rc8 28.Kf2 Bb7 29.g3 e5 30.f5 Bf8
31.Ba5 Rc6 32.Bc7 Bh6 33.g4 Bc1 34.h4 Bf4 35.h5 g5 36.Ke1 Rc3 37.Rd3 Rc1+
38.Rd1 Rc3 39.Bd3 Ke8 40.h6 Bc6  1/2-1/2

[Event "Peer Gynt"]
[Site "Gausdal"]
[Date "1994.??.??"]
[Round "7"]
[White "Nielsen, Peter Heine"]
[Black "Dannevig, Oystein"]
[Result "1-0"]
[WhiteElo "2485"]
[BlackElo "2290"]

1.e4 c5 2.Nf3 Nc6 3.Bb5 e6 4.Bxc6 bxc6 5.d3 Ne7 6.O-O Ng6 7.Ng5 f6 8.Nh3 Be7
9.f4 O-O 10.c4 d6 11.Nc3 Rb8 12.Qe2 Re8 13.Kh1 Bf8 14.b3 Rb7 15.Bb2 e5 16.f5 Nh8
17.Rf3 g5 18.Nf2 h5 19.Rh3 h4 20.g3 hxg3 21.Qh5 g2+ 22.Kxg2 Bg7 23.Ng4 Kf8
24.Qh7 Nf7 25.Rd1 Rd7 26.Na4 Qe7 27.Ba3 Nd8 28.Rh6 Nf7 29.Rg6 Nh8 30.Nh6  1-0

[Event "Geneve op"]
[Site "Geneve"]
[Date "1994.??.??"]
[Round "7"]
[White "Hector, Jonny"]
[Black "Ikonnikov, Vyacheslav"]
[Result "1/2-1/2"]
[WhiteElo "2515"]
[BlackElo "2515"]

1.e4 c5 2.Nf3 Nc6 3.Bb5 g6 4.Bxc6 bxc6 5.O-O Bg7 6.Re1 f6 7.d4 cxd4 8.Nxd4 e5
9.Nb3 Nh6 10.c4 Nf7 11.c5 a5 12.a4 O-O 13.Na3 d5 14.cxd6 Nxd6 15.Bd2 Nb7
16.Rc1 Be6 17.Rxc6 Qd7 18.Rb6 Rfd8 19.Qc2 Rac8 20.Bc3 Bf8 21.Nb5 Bb4 22.Nc1 Bc5
23.Ra6 Rc6 24.Rxc6 Qxc6 25.Qe2 Bb6 26.b4 Bc4 27.Qb2 axb4 28.Bxb4 Nc5 29.Qc2 Bxb5
30.Bxc5 Qxc5 31.Qxc5 Bxc5 32.axb5 Rd2 33.Ne2 Rb2 34.Kf1 Rxb5 35.Rc1 Kf7  1/2-1/2

[Event "Geneve op"]
[Site "Geneve"]
[Date "1994.??.??"]
[Round "9"]
[White "Hector, Jonny"]
[Black "Gallagher, Joseph G"]
[Result "1/2-1/2"]
[WhiteElo "2515"]
[BlackElo "2485"]

1.e4 c5 2.Nf3 Nc6 3.Bb5 g6 4.Bxc6 dxc6 5.h3 e5 6.a3 Nf6 7.O-O Nd7 8.b4 Bg7
9.d3 O-O 10.Nbd2 a5 11.bxa5 Qxa5 12.a4 Qc7 13.Nb3 b5 14.Be3 c4 15.dxc4 bxa4
16.Nc5 Nxc5 17.Bxc5 Re8 18.Ra3 Be6 19.Bd6 Qa5 20.c5 Qb4 21.Qc1 Qxe4 22.Re1 Qf4
23.Bxe5 Qxc1 24.Rxc1 Bf8 25.Bd4 Ra5 26.Rca1 Rea8 27.Ne1 Bxc5 28.Bxc5 Rxc5
29.Rxa4 Rxa4 30.Rxa4 Kg7 31.f3 Bf5 32.Ra2 Kf6 33.Kf2 g5 34.Nd3 Rc3 35.Ke3 Be6
36.Rb2 Rc4 37.Kd2 h6 38.Rb6 Bf5 39.Nb4 Bd7 40.Kd3 Rc5 41.c4 Ke5 42.Kc3 Kd6
43.Nd3 Ra5 44.Kd4 f6 45.Rb7 Ra1 46.c5+ Ke6 47.f4 Ra4+ 48.Ke3 Be8 49.g4 f5
50.Rh7 fxg4 51.hxg4 gxf4+ 52.Nxf4+ Kf6 53.Rxh6+ Kg5 54.Rh8 Bf7 55.Nd3 Bd5
56.Nf2 Rc4 57.Rh5+ Kg6 58.Nd3 Re4+ 59.Kf2 Be6 60.Kf3 Rxg4 61.Re5 Bf5 62.Re7 Ra4
63.Ne5+ Kf6 64.Nxc6 Rc4  1/2-1/2

[Event "Hessen-NRW"]
[Site "Germany"]
[Date "1994.??.??"]
[Round "?"]
[White "Zimmermann, Frank"]
[Black "Gupta, Milon"]
[Result "1/2-1/2"]
[WhiteElo "2290"]
[BlackElo "2260"]

1.e4 c5 2.Nf3 Nc6 3.Bb5 g6 4.c3 Nf6 5.Qe2 a6 6.Bxc6 bxc6 7.O-O Bg7 8.d3 O-O
9.h3 d6 10.Rd1 e5 11.d4 cxd4 12.cxd4 exd4 13.Nxd4 c5 14.Nb3 Qe7 15.Nc3 Bb7
16.Bf4 Rad8 17.Na5 Rfe8 18.Nxb7 Qxb7 19.Rxd6 Rxd6 20.Bxd6 Nxe4 21.Nxe4 Rxe4
22.Qc2 Qd5 23.Qxc5 Qxc5 24.Bxc5 Bxb2  1/2-1/2

[Event "BL2-N9394"]
[Site "Germany"]
[Date "1994.??.??"]
[Round "?"]
[White "Apel, Stefan"]
[Black "Sperlich, Olaf"]
[Result "1/2-1/2"]
[WhiteElo "2290"]
[BlackElo "2265"]

1.e4 c5 2.Nf3 Nc6 3.Bb5 g6 4.O-O Bg7 5.c3 e5 6.d4 cxd4 7.cxd4 exd4 8.Bf4 Nge7
9.Bd6 O-O 10.Nbd2 a6 11.Qa4 Re8 12.Bc4 Na5 13.Ng5 Nxc4 14.Qxc4 Rf8 15.e5 b5
16.Qc5 Nc6 17.Nde4 h6 18.Nf3 Re8 19.Qd5 Qb6 20.Bc5 Qb8 21.Nf6+ Bxf6 22.exf6 Bb7
23.Qxd7 Rd8 24.Qh3 Qf4 25.Bb6 Rd5 26.Rfe1 h5 27.Qg3 Qxg3 28.hxg3 Rc8 29.Rad1 Rd6
30.Nxd4 Rxf6 31.Nxc6 Rfxc6  1/2-1/2

[Event "BL2-N9394"]
[Site "Germany"]
[Date "1994.??.??"]
[Round "?"]
[White "Breyther, Ruediger"]
[Black "Hracek, Zbynek"]
[Result "0-1"]
[WhiteElo "2315"]
[BlackElo "2510"]

1.e4 c5 2.Nf3 Nc6 3.Bb5 d6 4.O-O Bd7 5.Re1 Nf6 6.c3 a6 7.Bf1 Bg4 8.d3 e6
9.h3 Bh5 10.Be3 Be7 11.Nbd2 O-O 12.Be2 d5 13.Bg5 Bg6 14.Nh4 Qc7 15.Bxf6 Bxf6
16.Nxg6 hxg6 17.exd5 exd5 18.Bf3 Rad8 19.Nf1 b5 20.Ne3 d4 21.Nd5 Rxd5 22.Bxd5 dxc3
23.Rc1 Nb4 24.Bb3 cxb2 25.Rb1 Rd8  0-1

[Event "BL2-N9394"]
[Site "Germany"]
[Date "1994.??.??"]
[Round "?"]
[White "Floegel, Ulrich"]
[Black "Apel, Stefan"]
[Result "1/2-1/2"]
[WhiteElo "2275"]
[BlackElo "2290"]

1.e4 c5 2.Nf3 Nc6 3.Bb5 g6 4.Bxc6 bxc6 5.O-O Bg7 6.c3 Nf6 7.Re1 O-O 8.e5 Nd5
9.d4 cxd4 10.cxd4 Rb8 11.Nc3 Qa5 12.Ne4 f6 13.b3 fxe5 14.Nxe5 Qb6 15.Bb2 Bh6
16.Ng4 Bg7 17.Ne3 Qd8 18.Nxd5 cxd5 19.Nc5 Rb6 20.Qe2 Rbf6 21.f3 e6 22.Nd3 Ba6
23.Qd2 Rf5 24.Ne5 Rh5 25.Ba3 Bh6 26.Qf2  1/2-1/2

[Event "BL2-N9394"]
[Site "Germany"]
[Date "1994.??.??"]
[Round "?"]
[White "Meyer, Claus Dieter"]
[Black "Hargens, Thomas"]
[Result "1/2-1/2"]
[WhiteElo "2330"]
[BlackElo "2280"]

1.e4 c5 2.Nf3 Nc6 3.Bb5 g6 4.Bxc6 dxc6 5.d3 Bg7 6.h3 Nf6 7.Nc3 O-O 8.O-O Qc7
9.Be3 b6 10.Qd2 e5 11.Bh6 Nh5 12.Bxg7 Nxg7 13.Ne2 Qd6 14.Qh6 Ne6 15.Ng5 Nxg5
16.Qxg5 Kg7 17.f4 f6 18.Qg3 Ba6 19.fxe5 Qxe5 20.Qxe5 fxe5 21.b3 Bc8 22.Rxf8 Kxf8
23.Kf2 Be6 24.a4 a5 25.Ke3 Ke7 26.Ng1 Rf8 27.Nf3 Kd6 28.Nd2 Rf7 29.Rf1 Rxf1
30.Nxf1 Ke7 31.h4 Kf6 32.Nd2 h6 33.g3 Bf7 34.Kf2 Be6 35.Nf1 g5 36.hxg5+ hxg5
37.Ne3 g4 38.Ke1 Ke7 39.Kd2 Kf6 40.Kc3 Ke7 41.Kb2 Kd6 42.c3 Ke7 43.Ka3 Kd7
44.b4 cxb4+ 45.cxb4 Kd6 46.bxa5 bxa5 47.Kb2 c5 48.Kc3 Kc7  1/2-1/2

[Event "BL2-N9394"]
[Site "Germany"]
[Date "1994.??.??"]
[Round "?"]
[White "Slobodjan, Roman"]
[Black "Hracek, Zbynek"]
[Result "1-0"]
[WhiteElo "2440"]
[BlackElo "2510"]

1.e4 c5 2.Nf3 Nc6 3.Bb5 d6 4.O-O Bd7 5.c3 a6 6.Ba4 Nf6 7.d4 Nxe4 8.Re1 Nf6
9.Bg5 b5 10.Bc2 cxd4 11.cxd4 d5 12.Nc3 Bg4 13.Bxf6 gxf6 14.Bb3 Be6 15.Nh4 Qd7
16.f4 f5 17.Qd3 Bg7 18.Nf3 Rd8 19.Ne2 Na5 20.Ng3 Nc4 21.Nh5 Rg8 22.Re2 Bh8
23.a4 Rg6 24.axb5 axb5 25.Rae1 Qd6 26.Ne5 Bxe5 27.fxe5 Qb4 28.Rf1 Na5 29.Ba2 Rg4
30.Nf4 Nc6 31.h3 Rg8 32.Rd2 Rg3 33.Rf3 Rxf3 34.gxf3 Nxe5 35.dxe5 Qxf4 36.Qxb5+ Kf8
37.Qe2 Ra8 38.Bb1 Qg3+ 39.Kf1 Qxh3+ 40.Qg2 Qh4 41.Qf2 Qh1+  1-0

[Event "BL2-N9394"]
[Site "Germany"]
[Date "1994.??.??"]
[Round "?"]
[White "Slobodjan, Roman"]
[Black "Tomczak, Rainer"]
[Result "1-0"]
[WhiteElo "2440"]
[BlackElo "2350"]

1.e4 c5 2.Nf3 Nc6 3.Bb5 Nf6 4.e5 Nd5 5.O-O g6 6.Re1 Bg7 7.c3 Nc7 8.Bf1 d5
9.exd6 Qxd6 10.d3 O-O 11.Nbd2 b6 12.Nc4 Qd5 13.Bf4 Ne6 14.Bd2 Bb7 15.a4 Rad8
16.Qb3 Ba8 17.a5 bxa5 18.Nxa5 Qxb3 19.Nxb3 Rb8 20.Ra3 Rb6 21.Bc1 Rd8 22.Nbd2 Bh6
23.Nc4 Bxc1 24.Nxb6 Bxb2 25.Rb3 Bxc3 26.Rxe6 fxe6 27.Nxa8 Ba5 28.Rb5 Rxa8
29.Rxc5 Bb4 30.Rxc6 a5 31.d4 a4 32.Ra6  1-0

[Event "BL2-N9394"]
[Site "Germany"]
[Date "1994.??.??"]
[Round "?"]
[White "Votava, Jan"]
[Black "Kalinitschew, Sergey"]
[Result "0-1"]
[WhiteElo "2410"]
[BlackElo "2495"]

1.e4 c5 2.Nf3 Nc6 3.Bb5 g6 4.Bxc6 bxc6 5.O-O Bg7 6.Re1 Nh6 7.c3 f6 8.d4 cxd4
9.cxd4 Nf7 10.Nc3 O-O 11.b3 Qa5 12.Bb2 Qh5 13.d5 c5 14.d6 e6 15.Ne2 Bb7 16.Ng3 Qh6
17.Rc1 Rfc8 18.Ba3 f5 19.Bxc5 f4 20.Nf1 g5 21.Nd4 a6 22.b4 Qg6 23.f3 g4 24.Kh1 Ne5
25.Nb3 Bc6 26.Bd4 Kh8 27.Rc5 gxf3 28.gxf3 Nf7 29.Bxg7+ Qxg7 30.Nfd2 Rg8 31.Rg1 Qf6
32.Nc4 e5 33.Nba5 Bb5 34.Rd5 Rxg1+ 35.Qxg1 Rg8 36.Qf2 Ng5 37.Rd1 Nh3 38.Qc5 Qg7  0-1

[Event "BL2-O9394"]
[Site "Germany"]
[Date "1994.??.??"]
[Round "?"]
[White "Engel, Berthold"]
[Black "Mirschinka, Dirk"]
[Result "1/2-1/2"]
[WhiteElo "2270"]
[BlackElo "2270"]

1.e4 c5 2.Nf3 Nc6 3.Bb5 Qa5 4.Bxc6 bxc6 5.O-O d5 6.d3 Bg4 7.h3 Bh5 8.Qe2 e6
9.c4 Rd8 10.Nc3 d4 11.Nb1 Bd6 12.e5 Bxf3 13.Qxf3 Bxe5 14.Qxc6+ Rd7 15.Bg5 Ne7
16.Bxe7 Kxe7 17.f4 Bf6 18.Na3 Rb8 19.Rf2 Rb6 20.Qe4 Rdb7 21.Rb1 Bh4 22.Re2 Bg3
23.Qf3 Qxa3 24.Qxg3 Rxb2 25.Qg5+ Ke8 26.Rbxb2 Rxb2 27.Re5 Rb8 28.f5 Qxd3
29.fxe6 Qg6 30.exf7+ Kxf7 31.Qf4+ Kg8 32.Rxc5 Re8 33.Qxd4 Qb1+ 34.Kh2 Qb8+
35.Kg1 Qg3 36.Rf5 Qg6 37.Qf2 Qe6 38.Rf4 Qb6 39.c5 Qb1+ 40.Kh2 Qb8 41.Qg3 Rc8
42.Rc4 Kf7 43.Qxb8 Rxb8 44.Ra4 Rb7 45.Kg3 Ke6 46.Kf4 Kd5 47.Ra5 Re7 48.g4 Re4+
49.Kf3 Re7 50.h4 Rf7+ 51.Kg3 Kc6 52.h5 Kd5 53.g5 Re7 54.Kf3 Rf7+ 55.Ke3 Re7+
56.Kd3 Rc7 57.a4 Rf7 58.Kc3 Rb7 59.g6 hxg6 60.hxg6 Rc7 61.Kb4 Re7 62.Kb5 Rb7+
63.Ka6 Kc6 64.Rb5 Re7 65.Rb1  1/2-1/2

[Event "BL2-O9394"]
[Site "Germany"]
[Date "1994.??.??"]
[Round "?"]
[White "Niedermaier, Hans"]
[Black "Mirschinka, Dirk"]
[Result "1/2-1/2"]
[WhiteElo "2215"]
[BlackElo "2270"]

1.e4 c5 2.Nf3 Nc6 3.Bb5 a6 4.Bxc6 bxc6 5.O-O Qc7 6.Re1 e5 7.c3 Ne7 8.d4 cxd4
9.cxd4 Ng6 10.Nc3 d6 11.h3 Be7 12.Qc2 Qb7 13.dxe5 dxe5 14.Be3 Rb8 15.Na4 Qb5
16.Rac1 O-O 17.Qxc6 Qxc6 18.Rxc6 Rb4 19.Nb6 Bb7 20.Rc7 Bxe4 21.Rxe7 Nxe7
22.Bc5 Rb5 23.Bxe7 Bxf3 24.Bxf8 Rxb6 25.Bc5 Rg6 26.Rxe5 Rxg2+ 27.Kf1 f6 28.Re3  1/2-1/2

[Event "BL2-O9394"]
[Site "Germany"]
[Date "1994.??.??"]
[Round "?"]
[White "Pfretzschner, Roland"]
[Black "Becker, Michael"]
[Result "1/2-1/2"]
[WhiteElo "2285"]
[BlackElo "2305"]

1.e4 c5 2.Nf3 Nc6 3.Bb5 g6 4.O-O Bg7 5.c3 Nf6 6.Re1 O-O 7.d4 cxd4 8.cxd4 d5
9.e5 Ne4 10.Nc3 Bg4 11.Nxe4 dxe4 12.Bxc6 bxc6 13.Rxe4 Bxf3 14.Qxf3 Qd5 15.Bg5 f6
16.exf6 exf6 17.Be3 f5 18.Re7 Qxf3 19.gxf3 f4 20.Bd2 Bxd4 21.Rc1 Rae8 22.Rxe8 Rxe8
23.Bc3 c5 24.Kf1 Bxc3 25.Rxc3 Re5 26.Rc4 Rh5 27.Kg2 Rd5 28.Ra4 Rd7 29.b3 g5
30.Kh3 h5 31.Ra6 Kg7 32.Rc6 Rd2 33.Rxc5 Kg6 34.Rc6+ Kf5 35.Rc5+ Kf6 36.Rc6+ Kf5
37.Rc5+ Kg6  1/2-1/2

[Event "BL2-S9394"]
[Site "Germany"]
[Date "1994.??.??"]
[Round "?"]
[White "Kraut, Rainer"]
[Black "Fahnenschmidt, Gerhard"]
[Result "1/2-1/2"]
[WhiteElo "2420"]
[BlackElo "2395"]

1.e4 c5 2.Nf3 Nc6 3.Bb5 g6 4.O-O Bg7 5.Re1 Nf6 6.Nc3 O-O 7.e5 Ne8 8.Bxc6 dxc6
9.h3 Nc7 10.b3 Be6 11.d3 Bd5 12.Ne4 Ne6 13.Bb2 Qd7 14.Qc1 f5 15.exf6  1/2-1/2

[Event "BL2-S9394"]
[Site "Germany"]
[Date "1994.??.??"]
[Round "?"]
[White "Kraut, Rainer"]
[Black "Gschnitzer, Oswald"]
[Result "1-0"]
[WhiteElo "2420"]
[BlackElo "2465"]

1.e4 c5 2.Nf3 Nc6 3.Bb5 g6 4.O-O Bg7 5.Re1 Nf6 6.Nc3 O-O 7.e5 Ne8 8.Bxc6 dxc6
9.h3 Nc7 10.b3 Ne6 11.Bb2 Nd4 12.Ne4 b6 13.d3 h6 14.a4 a5 15.Ned2 Ra7 16.Nc4 Be6
17.Nxd4 cxd4 18.Qf3 Bd5 19.Qg3 Kh7 20.Re2 Rd7 21.Bc1 Qc7 22.Bd2 Be6 23.Qh4 Rh8
24.Re4 Bxc4 25.bxc4 Bxe5 26.Rae1 Bf6 27.Qxh6+ Kg8 28.Qf4 Qd8 29.Qf3 Rh5 30.Rb1 Bg7
31.Ree1 Rd6 32.Bf4 Rf6 33.Qg3 c5 34.Bg5 Re6 35.Rxe6 fxe6 36.h4 Kf7 37.Qf3+ Bf6
38.Bxf6 exf6 39.Qb7+ Qe7 40.Qxe7+ Kxe7 41.g3 f5 42.f4 e5 43.Re1 e4 44.dxe4 fxe4
45.Rxe4+ Kf7 46.Kf2 Rh8 47.Re5 Kf6 48.Kf3 Rd8 49.Ke4 Rb8 50.Kd5 Rd8+ 51.Kc6 d3
52.cxd3 Rxd3 53.Kxb6 Rxg3 54.h5 Rg4 55.hxg6 Rxf4 56.Rxc5  1-0

[Event "Oberliga Nord O9394"]
[Site "Germany"]
[Date "1994.??.??"]
[Round "?"]
[White "Seils, Joerg"]
[Black "Baumbach, Friedrich"]
[Result "1-0"]
[WhiteElo "2355"]
[BlackElo "2345"]

1.e4 c5 2.Nf3 Nc6 3.Bb5 g6 4.O-O Bg7 5.c3 Nf6 6.Re1 O-O 7.h3 d6 8.d4 d5 9.exd5 Qxd5
10.dxc5 Qxc5 11.Qe2 a6 12.Ba4 b5 13.Bc2 Bb7 14.Nbd2 Rfe8 15.Ne4 Nxe4 16.Bxe4 Na5
17.Bxb7 Nxb7 18.Be3 Qc6 19.Nd4 Qc7 20.a4 e5 21.Nb3 Nd6 22.axb5 axb5 23.Bc5 Nc4
24.Qe4 Rxa1 25.Rxa1 Nxb2 26.Ra7 Qc8 27.Qd5 Qe6 28.Qxe6 fxe6 29.Bb4 Nd3 30.Rb7 Rc8
31.Nd2 e4 32.Nxe4 Nxb4 33.cxb4 Rc1+ 34.Kh2 Rc4 35.Rb8+ Kf7 36.Nd6+  1-0

[Event "BL2-S9394"]
[Site "Germany"]
[Date "1994.??.??"]
[Round "?"]
[White "Seret, Jean Luc"]
[Black "Schmittdiel, Eckhard"]
[Result "1/2-1/2"]
[WhiteElo "2445"]
[BlackElo "2450"]

1.e4 c5 2.Nf3 Nc6 3.Bb5 g6 4.Bxc6 dxc6 5.d3 Bg7 6.h3 e5 7.Be3 Qe7 8.Qd2 Nf6
9.Nc3 Nd7 10.Bh6 f6 11.Bxg7 Qxg7 12.Nh2 Nf8 13.f4 exf4 14.Qxf4 Ne6 15.Qd6 Qe7
16.Qxe7+ Kxe7 17.Ne2 Nd4 18.Nxd4 cxd4 19.Nf3 Rd8 20.Kd2 Be6 21.g4 c5 22.Rae1 a5
23.a4 c4 24.dxc4 Bxc4 25.e5 Rac8 26.b3 Bd5 27.Rhf1 f5 28.gxf5 gxf5 29.Nh4 Be6
30.Nxf5+ Bxf5 31.Rxf5 Rc3 32.e6 Rxh3 33.Rf7+ Kd6 34.e7 Re8 35.Rf4 Rh5 36.Kd3 Re5
37.Rxd4+ Rd5 38.Rxd5+ Kxd5 39.Rh1 Rxe7 40.Rh5+ Re5 41.Rxh7 Kc6 42.Rh4 Rg5
43.Kd4 Rd5+ 44.Ke4 Rd2 45.Rh6+ Kc7 46.c4 Rb2 47.Rh3 Kc6 48.Kd4 b6 49.Kc3 Rg2
50.Rh6+ Kc5 51.Rh5+ Kc6 52.Rb5 Rg3+  1/2-1/2

[Event "BL2-S9394"]
[Site "Germany"]
[Date "1994.??.??"]
[Round "?"]
[White "Stobik, Dietrich"]
[Black "Gschnitzer, Oswald"]
[Result "0-1"]
[WhiteElo "2310"]
[BlackElo "2465"]

1.e4 c5 2.Nf3 Nc6 3.Bb5 g6 4.O-O Bg7 5.Re1 Nf6 6.Nc3 O-O 7.h3 Nd4 8.e5 Ne8
9.d3 Nc7 10.a4 Nce6 11.Nh2 b6 12.Bc4 Bb7 13.Nd5 d6 14.c3 Nc6 15.exd6 Qxd6
16.Ne3 Rad8 17.Bxe6 Qxe6 18.a5 Nxa5 19.Nf3 Bxf3 20.Qxf3 Rxd3 21.Qf4 Rfd8
22.Kf1 Qd7 23.Ng4 Nb3 24.Rb1 Rd1 25.Be3 Qd3+ 26.Kg1 Rxb1  0-1

[Event "NRW-Liga II 9394"]
[Site "Germany"]
[Date "1994.??.??"]
[Round "?"]
[White "Schoenthier, Frank"]
[Black "Conquest, Stuart"]
[Result "0-1"]
[WhiteElo "2355"]
[BlackElo "2495"]

1.e4 c5 2.Nf3 Nc6 3.Bb5 g6 4.O-O Bg7 5.Re1 Nf6 6.e5 Ng4 7.Bxc6 bxc6 8.h3 Nh6
9.b3 O-O 10.Bb2 Rb8 11.Nc3 f6 12.Ne4 fxe5 13.Bxe5 Bxe5 14.Nxe5 Qc7 15.Nf3 d6
16.d4 cxd4 17.Nxd4 e5 18.Nf3 d5 19.Nc3 e4 20.Nd4 Qf4 21.Qe2 Bd7 22.Qe3 Qh4
23.Na4 Rbe8 24.Nc5 Nf5 25.Nxf5 Bxf5 26.c4 Rd8 27.cxd5 cxd5 28.Rad1 Bxh3 29.gxh3 Rf3
30.Qd4 Rxh3 31.Kf1 Qg4  0-1